00000000nam##2200000za#4500
0019.686740
003CaOODSP
00520210624230654
007cr |||||||||||
008150407|2002||||xxc|||||o    f|0| 0 eng|d
040 |aCaOODSP|beng
043 |an-cn---
0861 |aMP43-195/2002E-PDF
1101 |aCanada. |bHuman Resources Development Canada.
24510|aLooking for a job - knowledge matters : |h[electronic resource]|bskills and learning for Canadians - Canada's Innovation Strategy
260 |aOttawa - Ontario : |bHuman Resources Development Canada |c2002.
300 |a[46]p. (un-numbered).
5203 |aWhether you are a first-time job seeker, a student looking for employment, or someone looking to change jobs, Looking for a Job can help you with your job search or planning your career path.
590 |a03-44|b2003-10-31
69007|aEmployment|2gcpds
69007|aInnovation|2gcpds
69007|aLearning|2gcpds
77508|tLe savoir, clé de notre avenir : |w(CaOODSP)9.631203
7760#|tLooking for a job? |w(CaOODSP)9.648605
7760#|tLooking for a job? |w(CaOODSP)9.649014
7760#|tLooking for a job? |w(CaOODSP)9.649015
7760#|tLooking for a job? |w(CaOODSP)9.649076
7760#|tLooking for a job? |w(CaOODSP)9.649079
85640|ahttp://publications.gc.ca|qPDF|s163 KB|uhttps://publications.gc.ca/collections/Collection/MP43-195-2002E.pdf